MARC

LEADER 00000nam0a2200000 4500
001 60811
005 20231101211914.0
035 |a (RuTPU)RU\TPU\book\64299 
090 |a 60811 
100 |a 20040220d1984 km y0rusy50 ca 
101 1 |a rus  |c hun 
102 |a RU 
105 |a y z 000zy 
200 1 |a Организация производства на предприятии  |e пер. с венг.  |f К. Котел 
210 |a Москва  |c Экономика  |d 1984 
215 |a 167 с. 
606 1 |a Промышленные предприятия  |x Организация производства  |2 stltpush  |3 (RuTPU)RU\TPU\subj\52620  |9 71027 
610 1 |a производство 
610 1 |a производственные процессы 
610 1 |a продукция 
610 1 |a реализация 
675 |a 658.5  |v 3 
700 1 |a Котел  |b К.  |g Корнел 
801 1 |a RU  |b 63413507  |c 20040220  |g PSBO 
801 2 |a RU  |b 63413507  |c 20160414  |g PSBO 
942 |c BK